NFL 2024 Award Winners - Statistics

General Stats
  • This quiz has been taken 38 times
  • The average score is 5 of 8
Answer Stats
Award Answer % Correct
Most Valuable Josh Allen
97%
Offensive Player Saquon Barkley
87%
Defensive Player Patrick Surtain II
74%
Offensive Rookie Jayden Daniels
68%
Comeback Player Joe Burrow
61%
Defensive Rookie Jared Verse
58%
Coach Of The Year Kevin O'Connell
45%
Man Of The Year Arik Armstead
35%
No matching quizzes found
Score Distribution
Percent of People with Each Score
Percentile by Number Answered
Your Score History
You have not taken this quiz